Algebra and trinogometry / Robert F. Blitzer. (Record no. 22531)

000 -LEADER
fixed length control field 00555nam a22001697a 4500
020 ## - INTERNATIONAL STANDARD BOOK NUMBER
ISBN 9781292443447 (print)
082 ## - DEWEY DECIMAL CLASSIFICATION NUMBER
Classification number 512.13
Item number B649 2023
100 ## - MAIN ENTRY--AUTHOR NAME
Personal name Blitzer, Robert F., author.
245 ## - TITLE STATEMENT
Title Algebra and trinogometry / Robert F. Blitzer.
250 r# - EDITION STATEMENT
Edition statement Seventh edition.
260 ## - PUBLICATION, DISTRIBUTION, ETC. (IMPRINT)
Place of publication United States :
Name of publisher Pearson Education,
Year of publication 2023.
300 ## - PHYSICAL DESCRIPTION
Number of Pages 1 online resource, 1 volume, 1317 pages :
Other physical details illustrations (chiefly color).
500 ## - GENERAL NOTE
General note Include subject indexes.
650 ## - SUBJECT ADDED ENTRY--TOPICAL TERM
Topical Term Algebra--Textbook.
650 ## - SUBJECT ADDED ENTRY--TOPICAL TERM
Topical Term Trigonometry--Textbook.
942 ## - ADDED ENTRY ELEMENTS (KOHA)
Koha item type Electronic Books
Holdings
Source of acquisition Permanent Location Date acquired Collection code Koha item type Lost status Shelving location Withdrawn status Current Location Full call number
DonationCagayan State University - Carig Library2026-04-16E-BooksElectronic Books E-Resource Section Cagayan State University - Carig Library512.13 B649 2023

Cagayan State University University Library, Carig Campus
Tuguegarao City, Cagayan 3500 | www.csucarig.edu.ph

Powered by Koha